000 00298nam a22001337a 4500
008 180824b xxu||||| |||| 00| 0 eng d
020 _a0201075296
041 _aeng
080 _a51
100 _a38
101 _aMAT
245 _aCALCULUS AND ANLYTIC GEOMETRY
_cTHOMAS.G.B
942 _2udc
_cBK
999 _c47304
_d47304